| 000 | 01056nam a2200181Ia 4500 | ||
|---|---|---|---|
| 008 | 100920s9999 xx 000 0 und d | ||
| 082 |
_b64147 _a61 0 |
||
| 100 | _a--- | ||
| 245 | _aदुसरी पंचवार्षिक योजन (1956-57 ते 1960-61) उत्तर सातारा जिल्हा नोव्हेंबर 1958. | ||
| 260 |
_bमुंबई सरकारच्या प्रसिध्दी खात्याकडून प्रकाशित. _c1958 |
||
| 300 |
_a100 _bसाधी |
||
| 365 | _b0.25 | ||
| 520 | _aस्थानिक वाचन. | ||
| 630 | _aदुसरी पंचवार्षिक योजन (1956-57 ते 1960-61) उत्तर सातारा जिल्हा नोव्हेंबर 1958. | ||
| 650 | _aस्थानिक वाचन. | ||
| 730 | _aदुसरी पंचवार्षिक योजन (1956-57 ते 1960-61) उत्तर सातारा जिल्हा नोव्हेंबर 1958. | ||
| 942 | _cBOOK | ||
| 999 |
_c707222 _d707219 |
||